000 00327nam a22001337a 4500
008 181022b xxu||||| |||| 00| 0 eng d
020 _a9780534133146
041 _aeng
080 _24th
_a159.9
100 _a48
101 _aPSI
245 _aTheory and Practice of Counselling and Psychotherapy
_cCorey,G
942 _2udc
_cBK
999 _c50373
_d50373